000 00379nam a2200145Ia 4500
008 220204s9999 xx 000 0 und d
082 _a576.316
_bARU
100 _aARCHANA SHARMA
245 0 _aChromosome techniques: Theory and practice
250 _aEd.3
260 _aLondon
_bButterworth
_c1980
650 _aChromosome technique
700 _aARUNKUMAR SHARMA
942 _cBK
999 _c21147
_d21147